Statistics for Most Republican and Democrat US States in the 1864 Election

Click here to take the quiz!

General Stats

  • This quiz has been taken 59 times
  • The average score is 8 of 10

Answer Stats

Answer% Correct
Democrat (George McClellan)49.5*New York
90%
National Union (Abraham Lincoln)76.1Vermont
90%
Democrat (George McClellan)51.8Delaware
85%
National Union (Abraham Lincoln)72.2Massachusetts
82%
Democrat (George McClellan)69.8%Kentucky
79%
Democrat (George McClellan)48.6*Connecticut
77%
National Union (Abraham Lincoln)81.7%Kansas
69%
National Union (Abraham Lincoln)68.2West Virginia
69%
National Union (Abraham Lincoln)69.7Missouri
67%
Democrat (George McClellan)52.8New Jersey
67%

Score Distribution

Percentile by Number Answered

Percent of People with Each Score

Your Score History

You have not taken this quiz